Screening for cold tolerance at juvenile stage in various Hevea clones grown at cold stress prone high elevation conditions (Record no. 75199)

MARC details
000 -LEADER
fixed length control field 01976nam a22001937a 4500
100 ## - MAIN ENTRY--AUTHOR NAME
Personal name Sathik, M.B.M.
245 ## - TITLE STATEMENT
Title Screening for cold tolerance at juvenile stage in various Hevea clones grown at cold stress prone high elevation conditions
260 ## - PUBLICATION, DISTRIBUTION, ETC. (IMPRINT)
Name of publisher Rubber Science, 36(2): 2023. 119-135.
520 ## - SUMMARY, ETC.
Summary, etc A study was carried out to screen Hevea clones for cold stress tolerance in a high elevation region. A polybag nursery comprising of 31 Hevea clones along with other popular clones was established in a cold stress prone/high elevation region at Mattupetty, Munnar, Kerala while another set grown at Rubber Research Institute of India, Kottayam served as control. Growth parameters (sprouting, survival rate, stem height, number of leaves emerged and leaf length), leaf chlorophyll content and gas exchange parameters such as net CO2 assimilation rate (A), stomatal conductance (gs), transpiration rate (E) and instantaneous Water Use Efficiency (WUE), were recorded during the cold stress period at Munnar and control conditions at Kottayam. The clones viz P 202, P 48, P89, P 68, P 47 and P 201 had better survival and vigorous growth under cold stress conditions. In terms of net CO2 assimilation rate (A), pipeline clone P 68 was the best performer followed by P 48, P 94, P 180 and P 181 along with check clone RRIM 600. Rank sum analysis revealed the potential inherent cold stress tolerance in clones P 48, P 68, P 168, P 116, P 202 and P 181 during juvenile growth phase. These clones which were superior in terms of better growth and physiological parameters can be evaluated in field to affirm their inherent cold stress tolerance, yield potential and suitability for cultivation in cold stress prone regions.
650 ## - SUBJECT ADDED ENTRY--TOPICAL TERM
Topical Term Cold stress
650 ## - SUBJECT ADDED ENTRY--TOPICAL TERM
Topical Term Gas exchange parameters
650 ## - SUBJECT ADDED ENTRY--TOPICAL TERM
Topical Term Growth
650 ## - SUBJECT ADDED ENTRY--TOPICAL TERM
Topical Term Juvenile screening
650 ## - SUBJECT ADDED ENTRY--TOPICAL TERM
Topical Term Sprouting
700 ## - ADDED ENTRY--PERSONAL NAME
Personal name Nair, N.N.
700 ## - ADDED ENTRY--PERSONAL NAME
Personal name Ajith, S.V.
700 ## - ADDED ENTRY--PERSONAL NAME
Personal name Meenakumari, T.
942 ## - ADDED ENTRY ELEMENTS (KOHA)
Koha item type Journals
Holdings
Withdrawn status Lost status Damaged status Not for loan Home library Current library Date acquired Koha item type
        RRII Library RRII Library 23/04/2024 Journals